Normal view
MARC view
Entry Personal Name
001 - CONTROL NUMBER
- control field: 16975
003 - CONTROL NUMBER IDENTIFIER
- control field: OSt
005 - DATE AND TIME OF LATEST TRANSACTION
- control field: 20240426124007.0
008 - FIXED-LENGTH DATA ELEMENTS
- fixed length control field: 240426|| aca||aabn | a|a d
040 ## - CATALOGING SOURCE
- Original cataloging agency: OSt
- Transcribing agency: OSt
100 ## - HEADING--PERSONAL NAME
- Personal name: Edited by Grandy, W.T. ; Milonni, P.W
670 ## - SOURCE DATA FOUND
- Source citation: Work cat.: (OSt)3839: Edited by Grandy, W.T. ; Milonni, P.W., Physics and Probability :, 1993
